[Event "13. Festival Chambery 2007"]
[Site "Chambery FRA"]
[Date "2007.08.01"]
[Round "5.32"]
[White "Goubet, Alain"]
[Black "Zanatta, Federico"]
[Result "0-1"]
[WhiteElo "1835"]
[BlackElo "2035"]
[PlyCount "79"]
[EventDate "2007.07.28"]
[EventType "swiss"]
[EventRounds "9"]
[EventCountry "FRA"]
[Source "lmi"]
[SourceDate "2007.07.28"]

1. b3 e5 2. Bb2 Nc6 3. e3 d5 4. d3 Nf6 5. Be2 Bd6 6. a3 O-O 7. h4 Nd7 8. Nc3 d4
9. Ne4 dxe3 10. fxe3 f5 11. Nxd6 cxd6 12. Qd2 a5 13. d4 Nf6 14. Nh3 Ne4 15.
Bc4+ d5 16. Bxd5+ Qxd5 17. Qd3 exd4 18. O-O-O Ne5 19. Qxd4 Qxd4 20. exd4 Ng4
21. Rhf1 Ne3 22. Rf4 Nxd1 23. Kxd1 a4 24. c4 axb3 25. Rf3 Bd7 26. Nf4 Rac8 27.
c5 Bc6 28. Ke1 Nxc5 29. d5 Rfe8+ 30. Kf1 Bb5+ 31. Kg1 Bc4 32. Rg3 Re7 33. d6
Rf7 34. Re3 Na4 35. Bd4 b2 36. Bxb2 Nxb2 37. Rc3 Na4 38. Rc1 b5 39. Nd5 Rd8 40.
Re1 0-1

[Event "13. Festival Chambery 2007"]
[Site "Chambery FRA"]
[Date "2007.08.02"]
[Round "6.5"]
[White "Marzolf, Bruno"]
[Black "Bojkov, Dejan"]
[Result "0-1"]
[WhiteElo "2254"]
[BlackElo "2520"]
[PlyCount "128"]
[EventDate "2007.07.28"]
[EventType "swiss"]
[EventRounds "9"]
[EventCountry "FRA"]
[Source "lmi"]
[SourceDate "2007.07.28"]

1. e4 e5 2. Nf3 Nc6 3. Bb5 a6 4. Bxc6 dxc6 5. Nc3 f6 6. d3 Bg4 7. Be3 c5 8. h3
Bh5 9. Qd2 Bd6 10. Ng1 Ne7 11. Nge2 Nc6 12. Ng3 Bg6 13. Nce2 Qd7 14. O-O O-O-O
15. Rfd1 h5 16. c3 h4 17. Nf1 c4 18. f3 f5 19. dxc4 fxe4 20. fxe4 Bxe4 21. c5
Be7 22. Qxd7+ Rxd7 23. Rxd7 Kxd7 24. Nd2 Bd3 25. Nc1 Bf5 26. Ncb3 g5 27. Re1
Rg8 28. Nf3 g4 29. hxg4 Rxg4 30. Bf2 Bf6 31. Nbd2 Ke6 32. Nf1 Be4 33. N1h2 Bxf3
34. Nxf3 Ne7 35. Kf1 Ng6 36. Nd4+ Kd7 37. Nc2 Nf4 38. Re4 Rg7 39. Ne1 Nxg2 40.
Nxg2 h3 41. Re3 hxg2+ 42. Kg1 Kc6 43. Rf3 Be7 44. Rg3 Rxg3 45. Bxg3 Bxc5+ 46.
Kxg2 Kd5 47. Kf3 e4+ 48. Ke2 Bd6 49. Be1 Bf4 50. b3 b5 51. Bf2 a5 52. Ba7 c5
53. Bb6 a4 54. Bd8 c4 55. bxa4 b4 56. cxb4 c3 57. Bf6 c2 58. Bb2 Kc4 59. a5 Kb5
60. a3 Bg5 61. Kf2 Kc4 62. a6 Kd3 63. Kg2 Be3 64. Bc1 Bd4 0-1

[Event "13. Festival Chambery 2007"]
[Site "Chambery FRA"]
[Date "2007.08.02"]
[Round "6.6"]
[White "Vilar Lopez, Monica"]
[Black "Zimmerman, Yuri"]
[Result "0-1"]
[WhiteElo "2178"]
[BlackElo "2354"]
[PlyCount "82"]
[EventDate "2007.07.28"]
[EventType "swiss"]
[EventRounds "9"]
[EventCountry "FRA"]
[Source "lmi"]
[SourceDate "2007.07.28"]

1. e4 d6 2. d4 Nf6 3. Nc3 g6 4. Be3 c6 5. Qd2 b5 6. Bd3 Nbd7 7. Nf3 Qc7 8. h3
Bg7 9. O-O O-O 10. a4 b4 11. Ne2 c5 12. dxc5 Nxc5 13. Ng3 a5 14. Bh6 b3 15.
Bxg7 Kxg7 16. Qc3 Rb8 17. e5 dxe5 18. Bb5 bxc2 19. Qxc2 Be6 20. Rac1 Rfc8 21.
Qe2 e4 22. Nd4 Bd5 23. Qe3 Qe5 24. f4 Qc7 25. f5 Kh8 26. fxg6 fxg6 27. Rc3 Qb7
28. Rfc1 Nd3 29. Rxc8+ Rxc8 30. Rxc8+ Qxc8 31. Bxd3 exd3 32. Qxd3 Qc1+ 33. Kh2
Qxb2 34. Nde2 Qb4 35. Qe3 Kg7 36. Nf4 Bf7 37. Ne6+ Bxe6 38. Qxe6 Qd6 39. Qe3
Nh5 40. Qc3+ Kh6 41. Qe3+ g5 0-1

[Event "13. Festival Chambery 2007"]
[Site "Chambery FRA"]
[Date "2007.08.02"]
[Round "6.7"]
[White "Calzetta, Monica"]
[Black "Gesing, Oliver"]
[Result "0-1"]
[WhiteElo "2278"]
[BlackElo "2178"]
[PlyCount "92"]
[EventDate "2007.07.28"]
[EventType "swiss"]
[EventRounds "9"]
[EventCountry "FRA"]
[Source "lmi"]
[SourceDate "2007.07.28"]

1. e4 e6 2. d4 d5 3. Nd2 Nf6 4. e5 Nfd7 5. Bd3 c5 6. c3 Nc6 7. Ngf3 Qb6 8. O-O
cxd4 9. cxd4 Nxd4 10. Nxd4 Qxd4 11. Nf3 Qb6 12. Qa4 Qb4 13. Qc2 Qc5 14. Qe2 Qb6
15. Rb1 Be7 16. b4 Qd8 17. Nd4 Nb6 18. Rb3 Bd7 19. Qg4 g6 20. Bh6 Rc8 21. Qf4
g5 22. Qg4 Nc4 23. Nf3 Ba4 24. Qh5 Rg8 25. Bxh7 Rh8 26. Bg7 Rxh7 27. Qxh7 g4
28. Nd4 Bxb3 29. Nxb3 Kd7 30. Nc5+ Bxc5 31. bxc5 Qg8 32. Qh6 Rxc5 33. f3 d4 34.
fxg4 Ne3 35. Rb1 Qc8 36. Qf4 Rc1+ 37. Rxc1 Qxc1+ 38. Kf2 Qd2+ 39. Kg3 Ke8 40.
Qf3 Nd5 41. h4 d3 42. h5 Qe1+ 43. Kh2 d2 44. h6 Qh4+ 45. Kg1 Ne3 46. g3 d1=Q+
0-1

[Event "13. Festival Chambery 2007"]
[Site "Chambery FRA"]
[Date "2007.08.02"]
[Round "6.10"]
[White "Massoni, Michael"]
[Black "Safranska, Anda"]
[Result "0-1"]
[WhiteElo "2367"]
[BlackElo "2301"]
[PlyCount "82"]
[EventDate "2007.07.28"]
[EventType "swiss"]
[EventRounds "9"]
[EventCountry "FRA"]
[Source "lmi"]
[SourceDate "2007.07.28"]

1. e4 g6 2. d4 Bg7 3. Nc3 c6 4. Bc4 b5 5. Bb3 a5 6. a3 Bb7 7. Qf3 e6 8. Nge2 d5
9. exd5 exd5 10. O-O Nf6 11. Bg5 O-O 12. Rfe1 Nbd7 13. Nf4 h6 14. Bxf6 Qxf6 15.
Rad1 Rae8 16. Rxe8 Rxe8 17. h3 Nf8 18. Qg3 Qg5 19. Kh2 Bc8 20. Rd3 Bf5 21. Re3
Qxg3+ 22. Kxg3 Rxe3+ 23. fxe3 a4 24. Ba2 Bxc2 25. Bb1 Bxb1 26. Nxb1 Nd7 27. Nd3
Kf8 28. h4 h5 29. Kf3 Ke7 30. Nd2 Kd6 31. b4 axb3 32. Nxb3 Kc7 33. Nbc5 Nxc5
34. dxc5 Kd7 35. g4 hxg4+ 36. Kxg4 Bc3 37. Kg5 Ke6 38. Kg4 Bd2 39. Kf3 Kf5 40.
Ke2 Ba5 41. Kf3 Bc3 0-1

[Event "13. Festival Chambery 2007"]
[Site "Chambery FRA"]
[Date "2007.08.02"]
[Round "6.10"]
[White "Scholz, Christian"]
[Black "Sonnet, Jean Pierre"]
[Result "1-0"]
[WhiteElo "2108"]
[BlackElo "2123"]
[PlyCount "115"]
[EventDate "2007.07.28"]
[EventType "swiss"]
[EventRounds "9"]
[EventCountry "FRA"]
[Source "lmi"]
[SourceDate "2007.07.28"]

1. d4 Nf6 2. c4 g6 3. Nc3 Bg7 4. e4 d6 5. Nf3 O-O 6. Be2 a6 7. O-O Nfd7 8. Bg5
h6 9. Be3 e5 10. Qd2 Kh7 11. Rad1 Nc6 12. dxe5 Ndxe5 13. Nd4 Ng4 14. Nxc6 bxc6
15. Bd4 Be6 16. Bxg7 Kxg7 17. h3 Nf6 18. f4 Qe7 19. b3 Rad8 20. Qd4 c5 21. Qd2
Bc8 22. Bf3 c6 23. Rfe1 Rfe8 24. Qf2 Qc7 25. e5 dxe5 26. Rxd8 Rxd8 27. Qxc5
exf4 28. Nd5 Qd6 29. Qxd6 Rxd6 30. Ne7 Bd7 31. c5 Re6 32. Rxe6 Bxe6 33. Nxc6
Nd7 34. b4 Bxa2 35. Na7 Be6 36. c6 Nb6 37. c7 Nc8 38. Nc6 Kf8 39. Be2 Ke8 40.
Ne5 Ke7 41. Bxa6 Kd6 42. Bxc8 Bxc8 43. Nxf7+ Kxc7 44. Nxh6 Kb6 45. Nf7 Bb7 46.
Kf2 Bd5 47. Ne5 Be4 48. Nc4+ Kc6 49. h4 Kc7 50. Nd2 Bd5 51. Nb1 Kb6 52. Nc3 Ba8
53. Ne2 Kb5 54. Nxf4 Be4 55. Ke3 Bf5 56. Kd4 Kxb4 57. Ke5 Kc3 58. h5 1-0

[Event "13. Festival Chambery 2007"]
[Site "Chambery FRA"]
[Date "2007.08.02"]
[Round "6.11"]
[White "Poesson, Thierry"]
[Black "Schuermans, Robert"]
[Result "1/2-1/2"]
[WhiteElo "2089"]
[BlackElo "2277"]
[PlyCount "53"]
[EventDate "2007.07.28"]
[EventType "swiss"]
[EventRounds "9"]
[EventCountry "FRA"]
[Source "lmi"]
[SourceDate "2007.07.28"]

1. d4 d5 2. Bg5 h6 3. Bh4 Bf5 4. e3 Nc6 5. c4 g5 6. Bg3 e6 7. Nc3 Nf6 8. a3 Bg7
9. Bd3 dxc4 10. Bxc4 O-O 11. Nf3 Nh5 12. Ne5 Nxg3 13. Nxc6 Qd6 14. Ne7+ Qxe7
15. hxg3 c5 16. d5 Rad8 17. Qf3 b5 18. Bxb5 Rb8 19. Qe2 exd5 20. Nxd5 Qb7 21.
Bc6 Qxb2 22. Ne7+ Kh7 23. Qxb2 Bxb2 24. Nxf5 Bxa1 25. Rxh6+ Kg8 26. Ne7+ Kg7
27. Nf5+ 1/2-1/2

[Event "13. Festival Chambery 2007"]
[Site "Chambery FRA"]
[Date "2007.08.02"]
[Round "6.12"]
[White "Wuerdinger, Alexander"]
[Black "Muheim, Sebastian"]
[Result "1-0"]
[WhiteElo "2151"]
[BlackElo "1917"]
[PlyCount "33"]
[EventDate "2007.07.28"]
[EventType "swiss"]
[EventRounds "9"]
[EventCountry "FRA"]
[Source "lmi"]
[SourceDate "2007.07.28"]

1. e4 c5 2. Nc3 d6 3. f4 g6 4. Nf3 Bg7 5. Bc4 e6 6. d3 Nc6 7. O-O Nge7 8. Qe1
O-O 9. Qh4 Na5 10. f5 exf5 11. Bg5 Nac6 12. Nd5 Re8 13. Nf6+ Bxf6 14. Bxf6 h5
15. Qg5 Kh7 16. Bxf7 Qd7 17. Bxg6+ 1-0

[Event "13. Festival Chambery 2007"]
[Site "Chambery FRA"]
[Date "2007.08.02"]
[Round "6.13"]
[White "Clement, Olivier"]
[Black "Gonzalez, Claudio"]
[Result "1-0"]
[WhiteElo "2135"]
[BlackElo "2035"]
[PlyCount "51"]
[EventDate "2007.07.28"]
[EventType "swiss"]
[EventRounds "9"]
[EventCountry "FRA"]
[Source "lmi"]
[SourceDate "2007.07.28"]

1. e4 e6 2. d4 d5 3. Nc3 dxe4 4. Nxe4 Bd7 5. Nf3 Bc6 6. Bd3 Nd7 7. O-O Be7 8.
Re1 Ngf6 9. Ng3 O-O 10. c3 Re8 11. Bf4 b6 12. Qe2 Bb7 13. Rad1 Qc8 14. Ng5 Nf8
15. Bb5 c6 16. Ba4 Nd5 17. Bc1 b5 18. Bc2 Nf6 19. N3e4 N8d7 20. Bf4 Nxe4 21.
Nxe4 Rf8 22. Qh5 g6 23. Qh6 Nf6 24. Ng5 Re8 25. Be5 Qd7 26. Nxh7 1-0

[Event "13. Festival Chambery 2007"]
[Site "Chambery FRA"]
[Date "2007.08.02"]
[Round "6.14"]
[White "Peguret, Philippe"]
[Black "Champault, Pierre-Emmanuel"]
[Result "0-1"]
[WhiteElo "2002"]
[BlackElo "2184"]
[PlyCount "54"]
[EventDate "2007.07.28"]
[EventType "swiss"]
[EventRounds "9"]
[EventCountry "FRA"]
[Source "lmi"]
[SourceDate "2007.07.28"]

1. d4 d5 2. c4 e6 3. Nc3 Nf6 4. cxd5 exd5 5. Bg5 Be7 6. e3 c6 7. Bd3 O-O 8. Qc2
Nbd7 9. Nf3 Re8 10. O-O Nf8 11. Rae1 g6 12. Ne5 Ne6 13. f4 Nd7 14. Bxe7 Rxe7
15. Rf3 f6 16. Nxd7 Bxd7 17. f5 Nxd4 18. exd4 Rxe1+ 19. Kf2 Re8 20. fxg6 h6 21.
g7 f5 22. Qd2 Qh4+ 23. Kf1 Qg5 24. Qxg5 hxg5 25. Bxf5 Re7 26. Kf2 Bxf5 27. Rxf5
Rf7 0-1

[Event "13. Festival Chambery 2007"]
[Site "Chambery FRA"]
[Date "2007.08.02"]
[Round "6.15"]
[White "Py, Walter"]
[Black "Budin, Florent"]
[Result "1/2-1/2"]
[WhiteElo "2119"]
[BlackElo "1999"]
[PlyCount "64"]
[EventDate "2007.07.28"]
[EventType "swiss"]
[EventRounds "9"]
[EventCountry "FRA"]
[Source "lmi"]
[SourceDate "2007.07.28"]

1. d4 Nf6 2. Nf3 g6 3. c4 Bg7 4. Nc3 d6 5. g3 O-O 6. Bg2 c6 7. O-O Nbd7 8. e4
e5 9. Re1 Qe7 10. b3 h6 11. Bb2 Ne8 12. Qd2 Kh7 13. a4 g5 14. dxe5 Nxe5 15. Nd4
Qf6 16. h3 Nxc4 17. Qc2 Qxd4 18. Rad1 Qb6 19. bxc4 Kg8 20. Rb1 Qc7 21. Nd1 f5
22. Ne3 f4 23. Nf5 Bxf5 24. exf5 fxg3 25. fxg3 Nf6 26. Re6 Rae8 27. Rbe1 Rxe6
28. Rxe6 Qb6+ 29. Kh2 Ng4+ 30. hxg4 Qxb2 31. Qxb2 Bxb2 32. Rxd6 Bf6 1/2-1/2

[Event "13. Festival Chambery 2007"]
[Site "Chambery FRA"]
[Date "2007.08.02"]
[Round "6.19"]
[White "Dionisi, Thomas"]
[Black "Satonnet, Patrick"]
[Result "1-0"]
[WhiteElo "2020"]
[BlackElo "1950"]
[PlyCount "49"]
[EventDate "2007.07.28"]
[EventType "swiss"]
[EventRounds "9"]
[EventCountry "FRA"]
[Source "lmi"]
[SourceDate "2007.07.28"]

1. e4 e6 2. d4 b6 3. Nc3 Bb7 4. Nf3 Nf6 5. Bd3 d5 6. exd5 Nxd5 7. Nxd5 Qxd5 8.
Qe2 Be7 9. Bd2 O-O 10. c4 Qd8 11. O-O-O Bf6 12. Bc3 g6 13. h4 a5 14. Kb1 Qe8
15. h5 c5 16. hxg6 fxg6 17. Qe3 Bxf3 18. Qxf3 Na6 19. Qg4 cxd4 20. Bxd4 Bxd4
21. Qxd4 Nc5 22. Rxh7 e5 23. Qh4 Nxd3 24. Qh6 Qe6 25. Qg7# 1-0

[Event "13. Festival Chambery 2007"]
[Site "Chambery FRA"]
[Date "2007.08.02"]
[Round "6.23"]
[White "Marbot, Raymond"]
[Black "Fevre, Matthieu"]
[Result "0-1"]
[WhiteElo "1834"]
[BlackElo "1999"]
[PlyCount "92"]
[EventDate "2007.07.28"]
[EventType "swiss"]
[EventRounds "9"]
[EventCountry "FRA"]
[Source "lmi"]
[SourceDate "2007.07.28"]

1. e4 c5 2. Nf3 d6 3. d4 cxd4 4. Nxd4 Nf6 5. Nc3 g6 6. Be3 Bg7 7. f3 O-O 8. Qd2
Nc6 9. O-O-O d5 10. exd5 Nxd5 11. Nxd5 Qxd5 12. Nxc6 Qxc6 13. Bh6 Bf5 14. Bxg7
Kxg7 15. Bd3 Rfd8 16. Qe2 Be6 17. Kb1 Qa4 18. Qe5+ Kg8 19. b3 Qb4 20. Be4 Rac8
21. h4 b6 22. h5 Rxd1+ 23. Rxd1 Qc5 24. Qxc5 Rxc5 25. hxg6 hxg6 26. c4 Kg7 27.
g4 Kf6 28. Rd8 Ke5 29. Bb7 Rc7 30. Bd5 Bxd5 31. Rxd5+ Kf4 32. Rd3 e5 33. Kc2 e4
34. fxe4 Kxg4 35. Kd2 Kf4 36. Re3 Re7 37. Rd3 g5 38. Ke2 Rxe4+ 39. Kf2 g4 40.
Rd7 f5 41. Rxa7 g3+ 42. Kf1 Kf3 43. Rg7 f4 44. a4 Re2 45. a5 bxa5 46. c5 Rc2
0-1

[Event "13. Festival Chambery 2007"]
[Site "Chambery FRA"]
[Date "2007.08.02"]
[Round "6.26"]
[White "Saiah, Karim"]
[Black "Seifried, Johannes"]
[Result "1-0"]
[WhiteElo "1963"]
[BlackElo "1889"]
[PlyCount "45"]
[EventDate "2007.07.28"]
[EventType "swiss"]
[EventRounds "9"]
[EventCountry "FRA"]
[Source "lmi"]
[SourceDate "2007.07.28"]

1. e4 c6 2. d4 d5 3. Nc3 dxe4 4. Nxe4 Nd7 5. Nf3 Ngf6 6. Ng3 e6 7. Bd3 Bd6 8.
Qe2 O-O 9. c3 Qc7 10. Bd2 c5 11. O-O b6 12. Rad1 Bb7 13. Rfe1 Rfe8 14. Ne5 Rad8
15. Bg5 h6 16. Nxd7 Rxd7 17. Bxf6 gxf6 18. Qh5 Bf8 19. Qg4+ Kh8 20. Qh4 Bg7 21.
Nf5 Red8 22. Nxh6 cxd4 23. Nxf7+ 1-0

[Event "13. Festival Chambery 2007"]
[Site "Chambery FRA"]
[Date "2007.08.03"]
[Round "7.3"]
[White "Bojkov, Dejan"]
[Black "Gesing, Oliver"]
[Result "1-0"]
[WhiteElo "2520"]
[BlackElo "2178"]
[PlyCount "71"]
[EventDate "2007.07.28"]
[EventType "swiss"]
[EventRounds "9"]
[EventCountry "FRA"]
[Source "lmi"]
[SourceDate "2007.07.28"]

1. e4 e6 2. d4 d5 3. Nc3 Bb4 4. Nge2 dxe4 5. a3 Bxc3+ 6. Nxc3 Nc6 7. d5 exd5 8.
Qxd5 Be6 9. Qxe4 Nf6 10. Qh4 Bf5 11. Bb5 O-O 12. Bxc6 bxc6 13. O-O Bxc2 14. Bg5
h6 15. Bxf6 Qxf6 16. Qxf6 gxf6 17. Rfc1 Bd3 18. Na4 Rfe8 19. Nc5 Bf5 20. Na6
Re2 21. Rxc6 Rae8 22. h3 Kg7 23. b4 Rb2 24. Rc3 c6 25. Rg3+ Kh7 26. Rc1 Bc2 27.
Nc5 Re7 28. Rc3 Re2 29. Nd7 Bf5 30. Nxf6+ Kg6 31. Rf3 Rbc2 32. Rxc2 Bxc2 33.
Ng8 Be4 34. Rg3+ Kf5 35. Nxh6+ Ke6 36. Re3 1-0

[Event "13. Festival Chambery 2007"]
[Site "Chambery FRA"]
[Date "2007.08.03"]
[Round "7.5"]
[White "Gladyszev, Oleg"]
[Black "Claverie, Christophe"]
[Result "1-0"]
[WhiteElo "2480"]
[BlackElo "2344"]
[PlyCount "75"]
[EventDate "2007.07.28"]
[EventType "swiss"]
[EventRounds "9"]
[EventCountry "FRA"]
[Source "lmi"]
[SourceDate "2007.07.28"]

1. d4 Nf6 2. c4 g6 3. Nc3 Bg7 4. e4 d6 5. Be2 O-O 6. Nf3 Bg4 7. Be3 Nfd7 8. Rc1
c5 9. d5 Na6 10. O-O Nc7 11. Qd2 a6 12. a4 Qb8 13. Rb1 e6 14. b4 exd5 15. cxd5
Bxf3 16. Bxf3 cxb4 17. Rxb4 a5 18. Rbb1 Na6 19. Be2 Rc8 20. Rfc1 Nac5 21. Bg4
Re8 22. Bxd7 Nxd7 23. Nb5 Nf6 24. Nc7 Nxe4 25. Qe1 Nc5 26. Nxe8 Qxe8 27. Bxc5
dxc5 28. Qxe8+ Rxe8 29. Rxc5 b6 30. Rc6 Bd4 31. Kf1 Bc5 32. Rd1 Rd8 33. Ke2 h5
34. f4 Kg7 35. f5 g5 36. d6 Rd7 37. Kf3 g4+ 38. Ke4 1-0

[Event "13. Festival Chambery 2007"]
[Site "Chambery FRA"]
[Date "2007.08.03"]
[Round "7.7"]
[White "Safranska, Anda"]
[Black "Scholz, Christian"]
[Result "0-1"]
[WhiteElo "2301"]
[BlackElo "2108"]
[PlyCount "58"]
[EventDate "2007.07.28"]
[EventType "swiss"]
[EventRounds "9"]
[EventCountry "FRA"]
[Source "lmi"]
[SourceDate "2007.07.28"]

1. e4 c5 2. Nf3 d6 3. Bc4 Nf6 4. d3 Nc6 5. O-O g6 6. Re1 Bg7 7. c3 O-O 8. Bb3
b5 9. a3 a5 10. h3 e5 11. Nbd2 a4 12. Bc2 Qb6 13. Nf1 d5 14. Bg5 d4 15. cxd4
cxd4 16. b3 axb3 17. Bxb3 h6 18. Bd2 Nd7 19. Bd5 Bb7 20. Nh4 Kh7 21. Qf3 Nf6
22. Bxc6 Bxc6 23. Bb4 Rfc8 24. Rec1 Bd7 25. Qd1 Nh5 26. Nf5 Bxf5 27. exf5 Nf4
28. Qf3 gxf5 29. Bc5 Qc6 0-1

[Event "13. Festival Chambery 2007"]
[Site "Chambery FRA"]
[Date "2007.08.03"]
[Round "7.9"]
[White "Schuermans, Robert"]
[Black "Prats Rodriguez, Juan"]
[Result "1-0"]
[WhiteElo "2277"]
[BlackElo "2277"]
[PlyCount "133"]
[EventDate "2007.07.28"]
[EventType "swiss"]
[EventRounds "9"]
[EventCountry "FRA"]
[Source "lmi"]
[SourceDate "2007.07.28"]

1. e4 c5 2. Nf3 Nc6 3. d4 cxd4 4. Nxd4 Nf6 5. Nc3 e5 6. Ndb5 d6 7. Bg5 a6 8.
Bxf6 gxf6 9. Na3 b5 10. Nd5 f5 11. Bd3 Be6 12. c4 Nd4 13. O-O Bxd5 14. exd5 Qb6
15. cxb5 axb5 16. Nc2 Nxc2 17. Qxc2 e4 18. Bxe4 fxe4 19. Qxe4+ Be7 20. Rfe1 Qb7
21. Rac1 Kf8 22. Qf5 Rg8 23. Rc6 Rg6 24. a3 Re8 25. g3 Bd8 26. Rec1 Re5 27. Qd3
Kg7 28. Kg2 Qa7 29. R1c2 h5 30. Rc8 Bf6 31. R2c7 Qa4 32. b4 Re1 33. Rd7 Be5 34.
Qf5 Rf6 35. Rxf7+ Rxf7 36. Qg5+ Kh7 37. Qxh5+ Kg7 38. Qg5+ Kh7 39. Qg8+ Kh6 40.
Qxf7 Qd1 41. Qe6+ Kh5 42. Qh3+ Kg6 43. Qe6+ Kh5 44. Qf7+ Kh6 45. Qf8+ Kh5 46.
Qf3+ Kh6 47. Rf8 Rg1+ 48. Kh3 Qxf3 49. Rxf3 Rd1 50. Rf5 Kg6 51. Kg4 Rd3 52.
Rg5+ Kf7 53. f4 Bf6 54. Rh5 Rxa3 55. Rh7+ Bg7 56. Kg5 Rd3 57. g4 Kg8 58. Kg6
Bf8 59. Rb7 Rxd5 60. f5 Rd4 61. g5 Rxb4 62. f6 Rf4 63. f7+ Rxf7 64. Rxf7 b4 65.
Rb7 d5 66. Kf5 Bd6 67. h4 1-0

[Event "13. Festival Chambery 2007"]
[Site "Chambery FRA"]
[Date "2007.08.03"]
[Round "7.10"]
[White "Sonnet, Jean Pierre"]
[Black "Marzolf, Bruno"]
[Result "0-1"]
[WhiteElo "2123"]
[BlackElo "2254"]
[PlyCount "90"]
[EventDate "2007.07.28"]
[EventType "swiss"]
[EventRounds "9"]
[EventCountry "FRA"]
[Source "lmi"]
[SourceDate "2007.07.28"]

1. e4 c6 2. d4 d5 3. e5 Bf5 4. Be3 e6 5. Nd2 Nd7 6. f4 Ne7 7. Ngf3 h6 8. Be2
Qc7 9. O-O c5 10. dxc5 Nxc5 11. Nd4 a6 12. a4 Bh7 13. b4 Ne4 14. Nxe4 Bxe4 15.
Qd2 Nc6 16. c3 Be7 17. a5 O-O 18. Kh1 Nxd4 19. Bxd4 f6 20. Bg4 Qc6 21. Rae1
Rac8 22. Qe3 f5 23. Be2 Kh7 24. h3 g5 25. Rd1 Rg8 26. Bf3 gxf4 27. Qxf4 Bg5 28.
Qh2 Bh4 29. Qf4 Bg3 30. Qe3 Rg7 31. Rd2 Rcg8 32. Re2 Qc4 33. Rd1 Rg5 34. Rb2
Qc7 35. Bxe4 fxe4 36. b5 Bxe5 37. bxa6 bxa6 38. Rdb1 Bxd4 39. Qxd4 R8g7 40. Qb6
R5g6 41. Qd4 Qxa5 42. Rb7 Rxg2 43. Qe5 Qc5 44. Rxg7+ Rxg7 45. Qxe6 Qf2 0-1

[Event "13. Festival Chambery 2007"]
[Site "Chambery FRA"]
[Date "2007.08.03"]
[Round "7.11"]
[White "Champault, Pierre-Emmanuel"]
[Black "Knors, Rudy"]
[Result "1/2-1/2"]
[WhiteElo "2184"]
[BlackElo "2093"]
[PlyCount "85"]
[EventDate "2007.07.28"]
[EventType "swiss"]
[EventRounds "9"]
[EventCountry "FRA"]
[Source "lmi"]
[SourceDate "2007.07.28"]

1. d4 d5 2. Nf3 Nf6 3. c4 c6 4. Nc3 dxc4 5. a4 Bf5 6. Ne5 Nbd7 7. Nxc4 e6 8. f3
Be7 9. e4 Bg6 10. Be2 O-O 11. O-O c5 12. d5 exd5 13. exd5 Ne8 14. d6 Bf6 15. f4
Bd4+ 16. Be3 Bxc3 17. bxc3 Be4 18. Bd3 Bxd3 19. Qxd3 Qf6 20. Ne5 Rd8 21. Nxd7
Rxd7 22. Bxc5 b6 23. Bd4 Qxd6 24. a5 Nc7 25. axb6 axb6 26. f5 Nd5 27. Qf3 Nf6
28. Qf4 Rc8 29. Qxd6 Rxd6 30. Rfb1 Ne4 31. Re1 Nc5 32. Bxc5 bxc5 33. Ra7 g6 34.
fxg6 hxg6 35. Rf1 Rf8 36. Rc7 Rd5 37. c4 Re5 38. Rf6 Kg7 39. Rf3 g5 40. h3 Kg6
41. Kh2 f6 42. Rc6 Rf7 43. Kg3 1/2-1/2

[Event "13. Festival Chambery 2007"]
[Site "Chambery FRA"]
[Date "2007.08.03"]
[Round "7.12"]
[White "Vilar Lopez, Monica"]
[Black "Poesson, Thierry"]
[Result "1/2-1/2"]
[WhiteElo "2178"]
[BlackElo "2089"]
[PlyCount "57"]
[EventDate "2007.07.28"]
[EventType "swiss"]
[EventRounds "9"]
[EventCountry "FRA"]
[Source "lmi"]
[SourceDate "2007.07.28"]

1. e4 c5 2. Nc3 Nc6 3. g3 g6 4. Bg2 Bg7 5. d3 e6 6. Be3 d6 7. Qd2 Qa5 8. Nge2
Nd4 9. O-O Ne7 10. f4 O-O 11. Nc1 Bd7 12. Nb3 Qc7 13. Qf2 e5 14. fxe5 dxe5 15.
Nd5 Nxd5 16. exd5 Rab8 17. c3 Nxb3 18. axb3 b6 19. Kh1 f5 20. Qd2 Rbe8 21. c4
a5 22. Bh6 Qd6 23. Rae1 Rf7 24. Bxg7 Kxg7 25. Rf2 h6 26. Qc3 Kg8 27. Qd2 Kg7
28. Qc3 Kg8 29. Qd2 1/2-1/2

[Event "13. Festival Chambery 2007"]
[Site "Chambery FRA"]
[Date "2007.08.03"]
[Round "7.16"]
[White "Massoni, Michael"]
[Black "Mahiouz, Oualid"]
[Result "1-0"]
[WhiteElo "2108"]
[BlackElo "1974"]
[PlyCount "43"]
[EventDate "2007.07.28"]
[EventType "swiss"]
[EventRounds "9"]
[EventCountry "FRA"]
[Source "lmi"]
[SourceDate "2007.07.28"]

1. e4 c5 2. Nf3 e6 3. d4 cxd4 4. Nxd4 Nf6 5. Nc3 Bb4 6. e5 Nd5 7. Qg4 Qc7 8.
Qxg7 Bxc3+ 9. Kd1 Rf8 10. bxc3 Nxc3+ 11. Ke1 d6 12. Bd2 dxe5 13. Nb5 Qc5 14.
Nxc3 Nc6 15. Bd3 Nd4 16. Ne4 Qb6 17. Nf6+ Ke7 18. Qg5 Kd6 19. Ne4+ Kd7 20. Qxe5
Qb2 21. Qd6+ Ke8 22. Nf6# 1-0

[Event "13. Festival Chambery 2007"]
[Site "Chambery FRA"]
[Date "2007.08.03"]
[Round "7.20"]
[White "Fevre, Matthieu"]
[Black "Py, Walter"]
[Result "0-1"]
[WhiteElo "1999"]
[BlackElo "2119"]
[PlyCount "56"]
[EventDate "2007.07.28"]
[EventType "swiss"]
[EventRounds "9"]
[EventCountry "FRA"]
[Source "lmi"]
[SourceDate "2007.07.28"]

1. e4 e5 2. Nf3 Nc6 3. Bc4 Nf6 4. d4 exd4 5. O-O d6 6. Nxd4 Bd7 7. Nc3 Be7 8.
f4 O-O 9. Kh1 a6 10. a4 Na5 11. Bd3 c5 12. Nf3 c4 13. Be2 Bc6 14. Qd4 b5 15.
axb5 axb5 16. Be3 Nb7 17. Nd5 Bxd5 18. exd5 Nc5 19. Nd2 Nfd7 20. Ne4 Nxe4 21.
Qxe4 Bf6 22. c3 Rxa1 23. Rxa1 Re8 24. Qf3 Qe7 25. Qh3 Qxe3 26. Qxd7 Qxe2 27. h3
Bh4 28. Qxd6 Bg3 0-1

[Event "13. Festival Chambery 2007"]
[Site "Chambery FRA"]
[Date "2007.08.03"]
[Round "7.24"]
[White "Guglieimi, Dante"]
[Black "Trzemielewski, Frank"]
[Result "1-0"]
[WhiteElo "1991"]
[BlackElo "1710"]
[PlyCount "41"]
[EventDate "2007.07.28"]
[EventType "swiss"]
[EventRounds "9"]
[EventCountry "FRA"]
[Source "lmi"]
[SourceDate "2007.07.28"]

1. c4 Nf6 2. Nc3 d5 3. cxd5 Nxd5 4. g3 e5 5. Bg2 c6 6. Nf3 Nxc3 7. bxc3 Bd6 8.
O-O O-O 9. Qc2 Nd7 10. d4 Re8 11. Ng5 Nf8 12. d5 cxd5 13. Bxd5 Re7 14. Rd1 Qc7
15. Qd3 Bc5 16. a4 Bg4 17. Ne4 Ne6 18. Rb1 Rb8 19. Nxc5 Nxc5 20. Qc4 b6 21.
Qxg4 1-0

[Event "13. Festival Chambery 2007"]
[Site "Chambery FRA"]
[Date "2007.08.03"]
[Round "7.25"]
[White "Contout, Aime"]
[Black "Di Nicolantonio, Lucas"]
[Result "0-1"]
[WhiteElo "1984"]
[BlackElo "1848"]
[PlyCount "44"]
[EventDate "2007.07.28"]
[EventType "swiss"]
[EventRounds "9"]
[EventCountry "FRA"]
[Source "lmi"]
[SourceDate "2007.07.28"]

1. Nf3 Nf6 2. d4 e6 3. g3 b6 4. Bg2 Bb7 5. Bg5 Be7 6. Nbd2 O-O 7. c3 d5 8. O-O
c5 9. Qb3 Nbd7 10. Rfe1 h6 11. Bf4 Nh5 12. Be3 Qc7 13. Red1 Ba6 14. Bf1 f5 15.
Qc2 f4 16. Qg6 fxe3 17. Qxe6+ Rf7 18. fxe3 Nhf6 19. Nh4 Bc8 20. Qf5 Nf8 21. Qd3
Ng4 22. Ndf3 Bxh4 0-1